|
|
|
|
| LEADER |
00000nam0a2200000 4500 |
| 001 |
289099 |
| 005 |
20231102000144.0 |
| 020 |
|
|
|a RU
|b 83-59486
|
| 035 |
|
|
|a (RuTPU)RU\TPU\book\313604
|
| 090 |
|
|
|a 289099
|
| 100 |
|
|
|a 20150331d1983 m y0rusy5003 ca
|
| 101 |
0 |
|
|a rus
|
| 102 |
|
|
|a RU
|
| 105 |
|
|
|a a z 001zy
|
| 200 |
1 |
|
|a Вторичные энергетические ресурсы целлюлозно-бумажной промышленности
|f В. А. Санников
|
| 205 |
|
|
|a 2-е изд., перераб. и доп.
|
| 210 |
|
|
|a Москва
|c Лесная промышленность
|d 1983
|
| 215 |
|
|
|a 215 с.
|c ил.
|
| 305 |
|
|
|a Загл. 1-го изд.: Комплексное использование вторичных энергоресурсов в целлюлозно-бумажном производстве
|
| 320 |
|
|
|a Библиогр.: с. 213
|
| 606 |
1 |
|
|a Целлюлозно-бумажная промышленность
|2 stltpush
|3 (RuTPU)RU\TPU\subj\18000
|9 43537
|
| 610 |
1 |
|
|a энергетические ресурсы
|
| 610 |
1 |
|
|a вторичные ресурсы
|
| 610 |
1 |
|
|a использование
|
| 610 |
1 |
|
|a щелоки
|
| 610 |
1 |
|
|a сжигание
|
| 610 |
1 |
|
|a рациональное использование
|
| 610 |
1 |
|
|a целлюлоза
|
| 610 |
1 |
|
|a варка
|
| 610 |
1 |
|
|a переработка
|
| 675 |
|
|
|a 676
|z rus
|v 3
|
| 700 |
|
1 |
|a Санников
|b В. А.
|g Василий Александрович
|4 070
|
| 801 |
|
0 |
|a RU
|b RuMRKP
|c 19950704
|g psbo
|
| 801 |
|
1 |
|a RU
|b 63413507
|c 20150331
|
| 801 |
|
2 |
|a RU
|b 63413507
|c 20161229
|g RCR
|
| 942 |
|
|
|c BK
|